| 000 | 01410cam a22003974i 4500 | ||
|---|---|---|---|
| 003 | PE-LiUPU | ||
| 005 | 20250731175645.0 | ||
| 008 | 150616s1995 sp r 000 0 spa d | ||
| 020 | _a1850753792 | ||
| 035 | _a(Sirsi) i9781850753797 | ||
| 040 |
_aPE-LiUPU _bspa _cPE-LiUPU _erda |
||
| 049 | _aPRUA | ||
| 082 | 0 | 4 |
_a487.415 _bP78 _221 |
| 100 | 1 |
_aPorter, Stanley E., _eautor. |
|
| 245 | 1 | 0 | _aIdioms of the Greek New Testament. |
| 264 | 1 |
_aSheffield, England : _bSheffield Academic Press Ltd., _c1995. |
|
| 300 |
_a339 páginas ; _c22 centímetros |
||
| 336 |
_atext _2rdacontent |
||
| 337 |
_aunmediated _2rdamedia |
||
| 338 |
_avolume _2rdacarrier |
||
| 505 | 0 | _aWords and Phrases -- Clauses and Larger Units. | |
| 526 | _aP145 | ||
| 526 | _aP127 | ||
| 526 | _aP97 | ||
| 526 | _aP35 | ||
| 526 | _aP14 | ||
| 526 | _aP07 | ||
| 650 | 0 | 4 | _aGRIEGO BIBLICO - GRAMATICA. |
| 910 |
_ajck _bjvq _cjck |
||
| 942 |
_2ddc _cBOOK |
||
| 949 |
_a487.415 P78 _wDEWEY _c1 _i40470 _d2016-9-5 _e2016-9-4 _lCCODEBUL1 _mBUL _n2 _r0 _sY _tBOOK _u2015-6-16 _xTEOLOGIA _zUNKNOWN _0COMPRA _o.STAFF. Colección General |
||
| 994 |
_aC0 _bPEPRU |
||
| 596 | _a1 | ||
| 999 |
_a487.415 P78 _wDEWEY _c58263 _i40470 _d58263 _e2016-9-4 _f2021-11-11 _g6 _lCCODEBUL1 _mBUL _n2 _p20.00 _q3 _r0 _sY _tBOOK _u2015-6-16 _xTEOLOGIA _PP35 _0COMPRA _o.STAFF. Colección Teología |
||
| 980 |
_81 _gALBERTO SANCHEZ Responsable de Automatización |
||